000 01113nam a22002417a 4500
005 20080627145150.0
008 080627t xxu||||| |||| 00| 0 hin d
010 _aHIN-83671
020 _a8182790336
_c175.00
035 _aHN-56017
037 _bDBAD / PUB
040 _aDPL
_bHN
082 _a000 / भोलासं
100 _aभोला, संजय
245 _aआप भी बन सकते हैं करोड़पति जूनियर /
_cसंजय भोला
246 _aAap bhi ban sakate hain karorpati junior
_bby Sanjay Bhola
260 _aनौएडा (उ.प्र.)
_bविनायक प्रकाशन
_c2006
270 _aसी-29, सेक्टर-14
_bनौएडा (उ.प्र.)
300 _a167पृ
_c22सेमी(सजिल्द)
650 _aGeneral Knowledge
942 _cHN
_2ddc
_h000
_mभोलास
999 _c14069
_d14069